L'equipage. (Record no. 79929)
[ view plain ]
| 000 -LEADER | |
|---|---|
| fixed length control field | 00537cam2a220019300 4500 |
| 001 - CONTROL NUMBER | |
| control field | tmp15345833 |
| 003 - CONTROL NUMBER IDENTIFIER | |
| control field | UPRA |
| 005 - DATE AND TIME OF LATEST TRANSACTION | |
| control field | 20190816084940.0 |
| 008 - FIXED-LENGTH DATA ELEMENTS--GENERAL INFORMATION | |
| fixed length control field | 950801s1966 fr fre u |
| 035 ## - SYSTEM CONTROL NUMBER | |
| System control number | (Sirsi) r124101 |
| 035 ## - SYSTEM CONTROL NUMBER | |
| System control number | (UPRA)tmp15345833 |
| 040 ## - CATALOGING SOURCE | |
| Transcribing agency | UPRA |
| 100 1# - MAIN ENTRY--PERSONAL NAME | |
| Personal name | Kessel, Joseph, 1898- |
| Dates associated with a name | Kessel, Joseph, 1898- |
| Linkage | A44316.1 |
| 245 12 - TITLE STATEMENT | |
| Title | L'equipage. |
| 260 ## - PUBLICATION, DISTRIBUTION, ETC. | |
| Place of publication, distribution, etc. | [Paris] : |
| Name of publisher, distributor, etc. | Gallimard, |
| Date of publication, distribution, etc. | [1966] |
| 440 #0 - SERIES STATEMENT/ADDED ENTRY--TITLE | |
| Title | Livre de poche ; |
| Volume/sequential designation | 83 |
| Linkage | S322.1 |
| 949 ## - LOCAL PROCESSING INFORMATION (OCLC) | |
| a | PQ2621.E77 |
| w | lcc |
| i | -178320 |
| m | MAIN |
| t | BOOK |
| l | ON-SHELF |
No items available.